000 00574cam a2200205 4500500
005 20260329004722.0
041 _afre
042 _adc
100 1 0 _aN’Diaye, Aïda
_eauthor
245 0 0 _aLes Quatre Détours de Song Jiang
260 _c2020.
500 _a51
690 _aChine
690 _aDao
690 _aTao
690 _aTaoïsme
690 _aVoie
786 0 _nPhilosophie magazine | 145 | 1 | 2020-12-01 | p. 86-86 | 1951-1787
856 4 1 _uhttps://shs.cairn.info/magazine-philosophie-magazine-2020-12-1-page-86?lang=fr&redirect-ssocas=7080
999 _c1836611
_d1836611